000 00639nam a2200241Ia 4500
003 OSt
005 20220926004748.0
006 a|||||r|||| 00| 0
007 ta
008 220923b |||||||| |||| 00| 0 eng d
020 _a8170363675
037 _cGeneral Book
040 _aRTL
_cRTL
_beng
041 _2eng
_aeng
082 _aY5927.2.N9, N4
100 _aOmvedt Gail
_922464
245 0 _aDalits and the democratic revolution
260 _a New Delhi
_bSage
_c1994
300 _a348p
_ccm.
650 _aUntouchables
942 _hY5927.2.N9, N4
_cGB
_2CC
999 _c612234
_d612234